All Countries by Letter Numbers - Statistics

General Stats
  • This quiz has been taken 293 times
  • The average score is 119 of 196
Answer Stats
Code Country % Correct
5 3 21 1 4 15 18 Ecuador
92%
14 5 23 26 5 1 12 1 14 4 New Zealand
92%
20 1 9 23 1 14 Taiwan
83%
20 1 10 9 11 9 19 20 1 14 Tajikistan
83%
7 18 5 5 3 5 Greece
82%
21 14 9 20 5 4 1 18 1 2 5 13 9 18 1 20 5 19 United Arab Emirates
82%
19 12 15 22 1 11 9 1 Slovakia
79%
16 1 12 1 21 Palau
76%
11 1 26 1 11 8 19 20 1 14 Kazakhstan
74%
13 15 14 7 15 12 9 1 Mongolia
74%
4 5 13 15 3 18 1 20 9 3 18 5 16 21 2 12 9 3 15 6 20 8 5 3 15 14 7 15 Democratic Republic of the Congo
73%
12 1 20 22 9 1 Latvia
73%
2 1 8 18 1 9 14 Bahrain
72%
2 5 12 1 18 21 19 Belarus
72%
1 6 7 8 1 14 9 19 20 1 14 Afghanistan
71%
1 18 13 5 14 9 1 Armenia
71%
8 21 14 7 1 18 25 Hungary
71%
20 15 14 7 1 Tonga
71%
20 21 14 9 19 9 1 Tunisia
71%
5 12 19 1 12 22 1 4 15 18 El Salvador
70%
19 1 9 14 20 11 9 20 20 19 1 14 4 14 5 22 9 19 Saint Kitts and Nevis
70%
20 21 22 1 12 21 Tuvalu
70%
21 14 9 20 5 4 19 20 1 20 5 19 United States
70%
1 12 2 1 14 9 1 Albania
69%
6 9 14 12 1 14 4 Finland
69%
17 1 20 1 18 Qatar
69%
4 10 9 2 15 21 20 9 Djibouti
68%
7 1 13 2 9 1 Gambia
68%
16 15 18 20 21 7 1 12 Portugal
68%
26 1 13 2 9 1 Zambia
68%
1 26 5 18 2 1 9 10 1 14 Azerbaijan
67%
2 8 21 20 1 14 Bhutan
67%
6 5 4 5 18 1 20 5 4 19 20 1 20 5 19 15 6 13 9 3 18 15 14 5 19 9 1 Federated States of Micronesia
67%
20 1 14 26 1 14 9 1 Tanzania
67%
21 18 21 7 21 1 25 Uruguay
67%
3 21 2 1 Cuba
66%
6 9 10 9 Fiji
66%
9 22 15 18 25 3 15 1 19 20 Ivory Coast
66%
14 5 16 1 12 Nepal
66%
18 23 1 14 4 1 Rwanda
66%
14 15 18 20 8 13 1 3 5 4 15 14 9 1 North Macedonia
65%
2 1 8 1 13 1 19 Bahamas
64%
2 15 12 9 22 9 1 Bolivia
64%
3 25 16 18 21 19 Cyprus
64%
3 5 14 20 18 1 12 1 6 18 9 3 1 14 18 5 16 21 2 12 9 3 Central African Republic
64%
4 15 13 9 14 9 3 1 Dominica
64%
5 7 25 16 20 Egypt
64%
7 5 18 13 1 14 25 Germany
64%
16 5 18 21 Peru
64%
19 16 1 9 14 Spain
64%
19 23 5 4 5 14 Sweden
64%
19 23 9 20 26 5 18 12 1 14 4 Switzerland
64%
20 21 18 11 13 5 14 9 19 20 1 14 Turkmenistan
64%
21 26 2 5 11 9 19 20 1 14 Uzbekistan
64%
5 17 21 1 20 15 18 9 1 12 7 21 9 14 5 1 Equatorial Guinea
63%
7 5 15 18 7 9 1 Georgia
63%
13 1 12 1 23 9 Malawi
63%
13 5 24 9 3 15 Mexico
63%
13 15 12 4 15 22 1 Moldova
63%
13 15 14 20 5 14 5 7 18 15 Montenegro
63%
13 25 1 14 13 1 18 Myanmar
63%
16 1 11 9 19 20 1 14 Pakistan
63%
16 1 14 1 13 1 Panama
63%
19 12 15 22 5 14 9 1 Slovenia
63%
21 11 18 1 9 14 5 Ukraine
63%
5 20 8 9 15 16 9 1 Ethiopia
62%
14 9 7 5 18 Niger
62%
19 1 14 13 1 18 9 14 15 San Marino
62%
19 15 12 15 13 15 14 9 19 12 1 14 4 19 Solomon Islands
62%
19 15 21 20 8 19 21 4 1 14 South Sudan
62%
2 5 14 9 14 Benin
61%
5 19 20 15 14 9 1 Estonia
61%
11 9 18 9 2 1 20 9 Kiribati
61%
14 9 3 1 18 1 7 21 1 Nicaragua
61%
19 21 4 1 14 Sudan
61%
3 8 1 4 Chad
60%
3 8 9 14 1 China
60%
3 18 15 1 20 9 1 Croatia
60%
4 5 14 13 1 18 11 Denmark
60%
5 18 9 20 18 5 1 Eritrea
60%
7 8 1 14 1 Ghana
60%
8 1 9 20 19 Haiti
60%
9 18 1 14 Iran
60%
10 1 13 1 9 3 1 Jamaica
60%
11 5 14 25 1 Kenya
60%
15 13 1 14 Oman
60%
19 5 14 5 7 1 12 Senegal
60%
1 12 7 5 18 9 1 Algeria
59%
2 5 12 9 26 5 Belize
59%
3 1 16 5 22 5 18 4 5 Cape Verde
59%
4 15 13 9 14 9 3 1 14 18 5 16 21 2 12 9 3 Dominican Republic
59%
7 1 2 15 14 Gabon
59%
7 18 5 14 1 4 1 Grenada
59%
9 14 4 9 1 India
59%
9 19 18 1 5 12 Israel
59%
9 20 1 12 25 Italy
59%
13 1 12 9 Mali
59%
1 14 20 9 7 21 1 1 14 4 2 1 18 2 21 4 1 Antigua and Barbuda
58%
1 18 7 5 14 20 9 14 1 Argentina
58%
1 21 19 20 18 1 12 9 1 Australia
58%
2 21 18 21 14 4 9 Burundi
58%
3 15 12 15 13 2 9 1 Colombia
58%
3 15 13 15 18 15 19 Comoros
58%
7 21 25 1 14 1 Guyana
58%
9 18 5 12 1 14 4 Ireland
58%
10 15 18 4 1 14 Jordan
58%
12 5 2 1 14 15 14 Lebanon
58%
12 9 20 8 21 1 14 9 1 Lithuania
58%
12 21 24 5 13 2 15 21 18 7 Luxembourg
58%
13 1 12 20 1 Malta
58%
13 1 21 18 9 20 9 21 19 Mauritius
58%
14 1 13 9 2 9 1 Namibia
58%
14 1 21 18 21 Nauru
58%
14 15 18 23 1 25 Norway
58%
18 21 19 19 9 1 Russia
58%
19 1 9 14 20 22 9 14 3 5 14 20 1 14 4 20 8 5 7 18 5 14 1 4 9 14 5 19 Saint Vincent and the Grenadines
58%
19 5 18 2 9 1 Serbia
58%
19 5 25 3 8 5 12 12 5 19 Seychelles
58%
19 9 5 18 18 1 12 5 15 14 5 Sierra Leone
58%
19 15 13 1 12 9 1 Somalia
58%
19 21 18 9 14 1 13 5 Suriname
58%
20 8 1 9 12 1 14 4 Thailand
58%
21 7 1 14 4 1 Uganda
58%
21 14 9 20 5 4 11 9 14 7 4 15 13 United Kingdom
58%
11 15 19 15 22 15 Kosovo
57%
12 9 2 5 18 9 1 Liberia
57%
12 9 2 25 1 Libya
57%
13 1 4 1 7 1 19 3 1 18 Madagascar
57%
19 1 13 15 1 Samoa
57%
19 15 21 20 8 11 15 18 5 1 South Korea
57%
1 14 4 15 18 18 1 Andorra
56%
1 21 19 20 18 9 1 Austria
56%
2 1 18 2 1 4 15 19 Barbados
56%
2 5 12 7 9 21 13 Belgium
56%
2 18 1 26 9 12 Brazil
56%
2 21 18 11 9 14 1 6 1 19 15 Burkina Faso
56%
3 1 14 1 4 1 Canada
56%
19 1 15 20 15 13 5 1 14 4 16 18 9 14 3 9 16 5 São Tomé and Príncipe
56%
6 18 1 14 3 5 France
56%
8 15 14 4 21 18 1 19 Honduras
56%
9 18 1 17 Iraq
56%
14 5 20 8 5 18 12 1 14 4 19 Netherlands
56%
16 1 18 1 7 21 1 25 Paraguay
56%
22 1 20 9 3 1 14 3 9 20 25 Vatican City
56%
1 14 7 15 12 1 Angola
55%
2 1 14 7 12 1 4 5 19 8 Bangladesh
55%
2 15 19 14 9 1 1 14 4 8 5 18 26 5 7 15 22 9 14 1 Bosnia and Herzegovina
55%
2 18 21 14 5 9 Brunei
55%
3 1 13 5 18 15 15 14 Cameroon
55%
3 8 9 12 5 Chile
55%
3 26 5 3 8 18 5 16 21 2 12 9 3 Czech Republic
55%
5 19 23 1 20 9 14 9 Eswatini
55%
9 3 5 12 1 14 4 Iceland
55%
9 14 4 15 14 5 19 9 1 Indonesia
55%
10 1 16 1 14 Japan
55%
11 21 23 1 9 20 Kuwait
55%
12 5 19 15 20 8 15 Lesotho
55%
13 1 21 18 9 20 1 14 9 1 Mauritania
55%
13 15 18 15 3 3 15 Morocco
55%
13 15 26 1 13 2 9 17 21 5 Mozambique
55%
16 1 16 21 1 14 5 23 7 21 9 14 5 1 Papua New Guinea
55%
16 8 9 12 9 16 16 9 14 5 19 Philippines
55%
18 15 13 1 14 9 1 Romania
55%
19 1 9 14 20 12 21 3 9 1 Saint Lucia
55%
19 18 9 12 1 14 11 1 Sri Lanka
55%
19 25 18 9 1 Syria
55%
2 21 12 7 1 18 9 1 Bulgaria
54%
3 1 13 2 15 4 9 1 Cambodia
54%
5 1 19 20 20 9 13 15 18 East Timor
54%
7 21 9 14 5 1 2 9 19 19 1 21 Guinea-Bissau
54%
11 25 18 7 25 26 19 20 1 14 Kyrgyzstan
54%
13 1 12 4 9 22 5 19 Maldives
54%
13 1 18 19 8 1 12 12 9 19 12 1 14 4 19 Marshall Islands
54%
13 15 14 1 3 15 Monaco
54%
20 18 9 14 9 4 1 4 1 14 4 20 15 2 1 7 15 Trinidad and Tobago
54%
20 21 18 11 5 25 Turkey
54%
25 5 13 5 14 Yemen
54%
26 9 13 2 1 2 23 5 Zimbabwe
54%
2 15 20 19 23 1 14 1 Botswana
53%
3 15 19 20 1 18 9 3 1 Costa Rica
53%
7 21 9 14 5 1 Guinea
53%
12 1 15 19 Laos
53%
12 9 5 3 8 20 5 14 19 20 5 9 14 Liechtenstein
53%
13 1 12 1 25 19 9 1 Malaysia
53%
14 9 7 5 18 9 1 Nigeria
53%
14 15 18 20 8 11 15 18 5 1 North Korea
53%
18 5 16 21 2 12 9 3 15 6 20 8 5 3 15 14 7 15 Republic of the Congo
53%
19 9 14 7 1 16 15 18 5 Singapore
53%
19 15 21 20 8 1 6 18 9 3 1 South Africa
53%
20 15 7 15 Togo
53%
22 1 14 21 1 20 21 Vanuatu
53%
22 5 14 5 26 21 5 12 1 Venezuela
53%
7 21 1 20 5 13 1 12 1 Guatemala
52%
16 15 12 1 14 4 Poland
52%
19 1 21 4 9 1 18 1 2 9 1 Saudi Arabia
52%
22 9 5 20 14 1 13 Vietnam
52%
No matching quizzes found
Score Distribution
Percent of People with Each Score
Percentile by Number Answered
Your Score History
You have not taken this quiz